Soil liquefaction : (Record no. 531657)
[ view plain ]
| 000 -LEADER | |
|---|---|
| fixed length control field | 00882cam a22002774a 4500 |
| 001 - CONTROL NUMBER | |
| control field | 14236477 |
| 005 - DATE AND TIME OF LATEST TRANSACTION | |
| control field | 20191023103246.0 |
| 008 - FIXED-LENGTH DATA ELEMENTS--GENERAL INFORMATION | |
| fixed length control field | 060120s2006 enka b 001 0 eng |
| 010 ## - LIBRARY OF CONGRESS CONTROL NUMBER | |
| LC control number | 2006002052 |
| 020 ## - INTERNATIONAL STANDARD BOOK NUMBER | |
| International Standard Book Number | 0419161708 (hbk.) |
| 020 ## - INTERNATIONAL STANDARD BOOK NUMBER | |
| International Standard Book Number | 9780419161707 (hbk.) |
| 020 ## - INTERNATIONAL STANDARD BOOK NUMBER | |
| International Standard Book Number | 020330196X (ebk.) |
| 020 ## - INTERNATIONAL STANDARD BOOK NUMBER | |
| International Standard Book Number | 9780203301968 (ebk.) |
| 035 ## - SYSTEM CONTROL NUMBER | |
| System control number | (OCoLC)ocm63164909 |
| 040 ## - CATALOGING SOURCE | |
| Transcribing agency | DLC |
| 082 00 - DEWEY DECIMAL CLASSIFICATION NUMBER | |
| Classification number | 624.15136 |
| Author Mark | JEF |
| 100 1# - MAIN ENTRY--PERSONAL NAME | |
| Personal name | Jefferies, Mike, |
| Dates associated with a name | 1952- |
| 9 (RLIN) | 24575 |
| 245 10 - TITLE STATEMENT | |
| Title | Soil liquefaction : |
| Remainder of title | a critical state approach / |
| Statement of responsibility, etc. | Mike Jefferies & Ken Been. |
| 260 ## - PUBLICATION, DISTRIBUTION, ETC. | |
| Place of publication, distribution, etc. | London ; |
| -- | New York : |
| Name of publisher, distributor, etc. | Taylor & Francis, |
| Date of publication, distribution, etc. | 2006. |
| 300 ## - PHYSICAL DESCRIPTION | |
| Extent | xxxi, 479 p. : |
| Other physical details | ill. ; |
| Dimensions | 26 cm. |
| 504 ## - BIBLIOGRAPHY, ETC. NOTE | |
| Bibliography, etc. note | Includes bibliographical references (p. [459]-475) and index. |
| 650 #0 - SUBJECT ADDED ENTRY--TOPICAL TERM | |
| Topical term or geographic name entry element | Soil mechanics. |
| 9 (RLIN) | 558 |
| 650 #0 - SUBJECT ADDED ENTRY--TOPICAL TERM | |
| Topical term or geographic name entry element | Soil liquefaction. |
| 9 (RLIN) | 24576 |
| 700 1# - ADDED ENTRY--PERSONAL NAME | |
| Personal name | Been, Ken. |
| 9 (RLIN) | 24577 |
| 942 ## - ADDED ENTRY ELEMENTS (KOHA) | |
| Source of classification or shelving scheme | |
| Koha item type | Book |
| Withdrawn status | Lost status | Source of classification or shelving scheme | Damaged status | Not for loan | Permanent Location | Current Location | Date acquired | Total Checkouts | Total Renewals | Full call number | Barcode | Date last seen | Date last checked out | Price effective from | Koha item type |
|---|---|---|---|---|---|---|---|---|---|---|---|---|---|---|---|
| School of Civil and Environmental Engineering (SCEE) | School of Civil and Environmental Engineering (SCEE) | 10/23/2019 | 1 | 2 | 624.15136 JEF | NIT-9959 | 07/11/2023 | 10/23/2019 | 10/23/2019 | Book |
